| Поле | Инд. | ПП | Название | Значение |
|---|---|---|---|---|
| Тип записи | a | |||
| Библиографический уровень | m | |||
| 001 | Контрольный номер | RU/IS/BASE/227199318 | ||
| 005 | Дата корректировки | 20161103122856.1 | ||
| 020 | 00 | a | ISBN | 5-300-01808-2 |
| c | Цена, тираж | 49-40 | ||
| 084 | a | Индекс другой классификации/Индекс ББК | 63.3(2)52 | |
| 090 | a | Полочн. индекс | 63.3(2)5 | |
| x | Авторский знак | Ч-20 | ||
| 100 | 10 | a | Автор | Чарторижский А. |
| 245 | 00 | a | Заглавие | Мемуары |
| 260 | 00 | a | Место издания | Москва |
| b | Издательство | Терра-Кн. клуб | ||
| c | Дата издания | 1998 | ||
| 300 | 00 | a | Объем | 304 с. |
| 440 | 00 | a | Серия | Тайны истории в романах, повестях и документах |
| 600 | 14 | a | Персоналии | Павел I, российский император |
| a | Персоналии | Александр I, Российский император (1801-1825) | ||
| 650 | _4 | a | Основная рубрика | Россия-История, 18-19 вв.-Воспоминания и записки |
| 653 | 00 | a | Ключевые слова | История России 18-19 вв. |
| 653 | 0_ | a | Ключевые слова | Преобразования (история) |
| 653 | 0_ | a | Ключевые слова | Реформы |
| 990 | 00 | f | Даты поступлений (DOS) | 01.02 |